| 000 | 00867cam a2200301 i 4500 | ||
|---|---|---|---|
| 001 | 768714001 | ||
| 003 | CO-MdFUSB | ||
| 005 | 20241204104127.0 | ||
| 007 | ta | ||
| 008 | 241204t1985 -sp||||| |||| 00| 0 spa d | ||
| 020 | _a978-8472289833 | ||
| 040 | _cCO-MdFUSB | ||
| 041 | 0 | _aspa | |
| 082 | 0 | 4 |
_223 _a236.4 _bB937f |
| 100 | 1 |
_aBullinger, Ethelbert W. (William) (1837-1913) _eautor |
|
| 245 | 1 | 0 |
_aLos fundamentos de la verdad dispensacional _c/ E. W. Bullinger ; traducido por Rhode Flores |
| 264 | 1 |
_bClie, _aTerrassa, Barcelona, España : _c[1985] |
|
| 264 | 4 | _c©1985 | |
| 300 | _a323 páginas | ||
| 336 |
_atexto _btxt _2rdacontent |
||
| 337 |
_2rdamedia _asin mediación _bn |
||
| 338 |
_2rdacarrier _avolumen _bnc |
||
| 563 | _aRustico | ||
| 653 | _aEscatología | ||
| 700 |
_aFlores, Rhode, _92030 _etraductor |
||
| 942 | _cBK | ||
| 945 | _aMiguel | ||
| 999 |
_c35196 _d35196 |
||